000 00721nam a2200217Ia 4500
001 10849
003 GE_BSU
008 181216s||||||||xx |||||||||||||| ||und||
040 _cGE_BSU
080 _a821.353.1–1
100 _aქვლივიძე,მიხეილ
245 _aგაგრძელება იქნება.წიგნი II.
245 _bლექსები.
245 _cრედ.შოთა ნიშნიანიძე;მხატვ.დ.დუნდუა.
260 _aთბილისი.
260 _bმერანი.
260 _c1972.
300 _a60გვ;
653 _aგაგრძელება იქნება.წიგნი II.
942 _cBK
999 _c44091
_d44091